Littérature - Histoire et violence (2) - Statistiques

Statistiques générales
  • Ce quiz a été pris 13 fois
  • Le résultat moyen est 4 sur 17
Statistiques - réponses
Hint Réponse % Correct
Quelle oeuvre primordiale cet auteur a-t-il écrit sur les camps de Mauthausen ? Nuit et Brouillard
69%
... les juifs ? Souris
69%
Par quel animal sont représentés les nazis ? Chats
46%
Quelle oeuvre de George Perec est une autobiographie qui témoigne du vide laissé par l'extermination ? W ou le souvenir d'enfance
38%
En quelle année ? 1956
31%
Que signifie Shoah en hébreu ? Catastrophe
31%
... les polonais ? Cochons
23%
En allemand, c'est Nacht und Nebel : NN. A qui donnait-on ce nom ? Déportés
23%
Quel réalisateur a mis en scène ce récit ? Alain Resnais
15%
Quel réalisateur rejoint-il dans le refus de la fictionalisation de la guerre ? Claude Lanzmann
15%
Remplissez la citation : "Qui est ... ? Le Bourreau ? Le garde ? Le docteur ? Vous ? Moi ?" Responsable
15%
Quel film celui-ci a d'ailleurs réalisé ? Shoah
15%
Quel est l'auteur-dessinateur de la bande dessinée MAUS ? Art Spiegelman
8%
Quel film de 2024 réalisé par M. Hazanavicius met en scène le train qui déporte les juifs jusqu'aux camps, laissant derrière lui un nouveau-né ? La plus précieuse des machandises
8%
Dans quelle oeuvre ? De l'abjection
0%
Comment appelle-t-on l'écriture concentrationnaire, terme né de Jean Cayrol écriture lazaréenne
0%
Quel film critique J. Rivette quant à la représentation esthétique des camps ? Kapo
0%
Aucun quiz correspondant
Distribution des résultats
% des personnes avec chaque résultat
Percentile par nombre de réponses
Votre historique - résultats
Vous n’avez pas pris ce quiz